LEADER 00794nam0-22002771i-450- 001 990006105980403321 005 19980601 035 $a000610598 035 $aFED01000610598 035 $a(Aleph)000610598FED01 035 $a000610598 100 $a19980601d1957----km-y0itay50------ba 105 $a----m---00-yy 200 1 $a<>schweizerischen Patentregister$edissertation... der Universitat Zurich...$fEugene Brunner. 210 $aZurich$cJuris Verlag$d1957 215 $a99 p.$d24 cm 676 $a346.0486 700 1$aBrunner,$bEugene$0232325 801 0$aIT$bUNINA$gRICA$2UNIMARC 901 $aBK 912 $a990006105980403321 952 $aDISSERT. A 104$b53626$fFGBC 959 $aFGBC 996 $aSchweizerischen Patentregister$9575638 997 $aUNINA DB $aGIU01 LEADER 01154nam0-22003611i-450- 001 990009567610403321 005 20120508115006.0 010 $a978-88-568-1276-3 035 $a000956761 035 $aFED01000956761 035 $a(Aleph)000956761FED01 035 $a000956761 100 $a20120507d2009----km-y0itay50------ba 101 1 $aita$ceng 102 $aIT 105 $aa-------001cy 200 1 $aCome misurare la soddisfazione del cliente$euna guida per realizzare un servizio di qualità$fRichard F. Gerson 205 $a3. ed. 210 $aMilano$cFrancoAngeli$d2009 215 $a137 p.$cfig.$d21 cm 225 1 $aCinquanta minuti$ile guide rapide d'autoformazione$v40 300 $aTraduzione dall'americano di Nadia Boaretto 300 $aRevisione di Franco Fuin 610 0 $aServizi al consumatore$aValutazione 676 $a658.812$v21$zita 700 1$aGerson,$bRichard F.$089648 801 0$aIT$bUNINA$gREICAT$2UNIMARC 901 $aBK 912 $a990009567610403321 952 $aCollez. 1395 (40)$b45961$fFSPBC 959 $aFSPBC 996 $aCome misurare la soddisfazione del cliente$9395466 997 $aUNINA